top 30 fusballer 2025 - Statistiken

Allgemein
  • Dieses Quiz wurde 194 mal gespielt
  • Das Durchschnittsergebnis liegt bei 16 aus 30
Antwortstatistiken
Hint Antwort % Korrekt
Frankreich Mbappe
93%
Spanien Yamal
89%
Ägypten Salah
88%
Frankreich Dembele
86%
Marokko Hakimi
83%
England Kane
80%
Polen Lewandowski
75%
Norwegen Haaland
73%
Brasilien Vinicius
69%
Portugal Vitinha
67%
Deutschland Wirtz
64%
Schottland Mc Tominay
55%
England Bellingham
54%
Guinea Guirassy
54%
Spanien Pedri
54%
Frankreich Olise
53%
Niederlande Van Dijk
53%
Portugal Mendes
50%
Schweden Gyökeres
46%
Georgien Kvaratskhelia
46%
Argentinien Martinez
42%
Portugal Neves
42%
Frankreich Doue
41%
England Palmer
41%
Italien Donnaruma
40%
England Rice
37%
Brasilien Raphinia
27%
Argentinien Mac Allister
25%
Niederlande Dumfries
10%
Spanien Fabian Ruiz
10%
Keine übereinstimmenden Quizze gefunden
Verteilung der Resultate
Anzahl Personen mit jedem Resultat
Perzentil nach korrekt beantworteten Fragen
Ihre Resultats-Entwicklung
Sie haben dieses Quiz noch nicht gespielt